| 000 | 01965cam a22004934i 4500 | ||
|---|---|---|---|
| 003 | PE-LiUPU | ||
| 005 | 20250731173108.0 | ||
| 008 | 181210s2018 kyua rb 001 0 eng d | ||
| 020 | _a0664263445 | ||
| 020 | _a9780664263447 | ||
| 035 | _a(Sirsi) a250978 | ||
| 040 |
_aPE-LiUPU _bspa _cPE-LiUPU _erda |
||
| 049 | _aPRUA | ||
| 082 | 0 | 4 |
_a241 _bM26 _223 |
| 100 | 1 |
_aMarshall, Ellen Ott, _d1970-, _eautor. |
|
| 245 | 1 | 0 |
_aIntroduction to Christian ethics : _bconflict, faith, and human life / _cEllen Ott Marshall. |
| 250 | _aFirst edition. | ||
| 264 | 1 |
_aKentucky : _bWestminster John Knox Press, _c2018. |
|
| 300 |
_ax, 201 páginas ; _c23 centímetros |
||
| 336 |
_atext _2rdacontent |
||
| 337 |
_aunmediated _2rdamedia |
||
| 338 |
_avolume _2rdacarrier |
||
| 504 | _aBibliografía : páginas 181-186. | ||
| 504 | _aÍndice : páginas 187-201. | ||
| 505 | _aCristian ethics in conflict -- Considering method -- Affirmation and accountability through the Imago Dei: considering deontology, tradition, and reason -- The vices and virtudes of conflict: considering virtue ethics and scripture -- The purpose and process of reconciliation: considering teleology and narrative -- Need and fear in relationship: considering responsability and care -- Christian ethics through conflict. | ||
| 526 | _aSEG42 | ||
| 526 | _aSEG41 | ||
| 526 | _aSEG40 | ||
| 526 | _aSEG39 | ||
| 526 | _aP94 | ||
| 526 | _aP87 | ||
| 526 | _aP86 | ||
| 526 | _aP85 | ||
| 526 | _aP77 | ||
| 526 | _aP76 | ||
| 526 | _aP35 | ||
| 650 | 0 | 4 |
_aÉtica cristiana. _91047 |
| 910 |
_adbm _bjpc _cjpc _d201812010 |
||
| 942 |
_2ddc _cBOOK |
||
| 994 |
_aC0 _bPEPRUE |
||
| 596 | _a1 | ||
| 999 |
_a241 M26 _wDEWEY _c30433 _i79082 _f2021-11-10 _g4 _lCCODEBUL1 _mBUL _p15.00 _r0 _sY _tBOOK _u2018-12-10 _xTEOLOGIA _PP85 _0DONACION _1FCOMPR2 _o.STAFF. Colección Teología _d30433 |
||
| 980 |
_81 _gALBERTO SANCHEZ Responsable de Automatización |
||